Κατάλογος Βιβλιοθηκών Mediterranean College

Εκθέσεις 12 / Αξιολόγηση της Συμβολής των Κοινοτικών Χρηματοδοτήσεων στην Προστασία του Ελληνικού Περιβάλλοντος (Record no. 4388)

MARC details
000 -LEADER
fixed length control field 01377cam a22002054a 4500
005 - ΗΜΕΡΟΜΗΝΙΑ ΚΑΙ ΩΡΑ ΤΕΛΕΥΤΑΙΑΣ ΕΝΗΜΕΡΩΣΗΣ
Πεδίο ελέγχου 20250605164144.0
008 - FIXED-LENGTH DATA ELEMENTS--GENERAL INFORMATION
Πεδίο ελέγχου σταθερού μήκους 250528s ||||||||||||||||||||||||d
035 ## - SYSTEM CONTROL NUMBER
System control number 19109
020 ## - ISBN
ISBN 9603410055
040 ## - ΠΗΓΗ ΚΑΤΑΛΟΓΟΓΡΑΦΗΣΗΣ
Φορέας πρωτότυπης καταλογογράφησης MC Athens Campus Library
Γλώσσα καταλογογράφησης Ελληνικά, Μοντέρνα (1453-)
Modifying agency MC Athens Campus Library
Κανόνες περιγραφικής καταλογογράφησης AACR2
245 1# - ΤΙΤΛΟΣ ΚΑΙ ΔΗΛΩΣΗ ΥΠΕΥΘΥΝΟΤΗΤΑΣ
Τίτλος Εκθέσεις 12 / Αξιολόγηση της Συμβολής των Κοινοτικών Χρηματοδοτήσεων στην Προστασία του Ελληνικού Περιβάλλοντος
260 ## - PUBLICATION, DISTRIBUTION, ETC.
Name of publisher, distributor, etc. Κέντρο Προγραμματισμού Και Οικονομικών Ερευνών,
Date of publication, distribution, etc. 1994
300 ## - PHYSICAL DESCRIPTION
Extent 78
520 ## - SUMMARY, ETC.
Summary, etc. Περιβαλλοντική Πολιτική στην Ελλάδα, Κοινοτικά Προγράμματα Χρηματοδότησης του Ελληνικού Περιβάλλοντος, Πρόγραμμα Δημόσιων Επενδύσεων Έτους 1990 για Προστασία του Περιβάλλοντος, Τελική Αξιολόγηση της Χρηματοδότησης Δημοσίων Δαπανών για την Προστασία του Ελληνικού Περιβάλλοντος και Προτάσεις για τη Χρονική Περίοδο 1994-1999.
700 1# - ΠΡΟΣΘΕΤΗ ΑΝΑΓΡΑΦΗ--ΦΥΣΙΚΟ ΠΡΟΣΩΠΟ
Personal name Κατοχιανού Δήμητρα Ν
9 (RLIN) 5355
700 1# - ΠΡΟΣΘΕΤΗ ΑΝΑΓΡΑΦΗ--ΦΥΣΙΚΟ ΠΡΟΣΩΠΟ
Personal name Σπαθή Σοφία Κ
9 (RLIN) 5356
942 ## - ADDED ENTRY ELEMENTS (KOHA)
Koha item type Books
Holdings
Τύπος τεκμηρίου Βιβλιοθήκη Τρέχουσα τοποθεσία Barcode Αριθμός εισαγωγής Ημερομηνία απόκτησης Ταξιθετικό σύμβολο Αριθμός αντιτύπου Κατάσταση απόσυρσης Κατάσταση χαμένου Κατάσταση κατεστραμμένου Μη δανεισμός Σύνολο δανεισμών Ημερομηνία τελευταίας εμφάνισης Η τιμή ισχύει από
Books MC Athens Campus Library MC Athens Campus Library 9780000043870 4049 05/06/2025 363.700 94 ΚΑΤ 1           05/06/2025 05/06/2025

MC Athens Campus Library
Πατησίων 94 & Κοδριγκτώνος 13, 104 34
Πελλήνης 8 & Πατησίων 107, 112 51
Τ: +30 210 8899600

MC Thessaloniki Campus Library
Ίωνος Δραγούμη 21, 54625 | Ίωνος Δραγούμη 15, 54625
Τ: +30 2310 287779 – Τ: +30 2314 440300